000 01481nam a2200325 i 4500
003 EG-GICUC
005 20260310104438.0
008 260310s1996 KU ||||fr|||| 00| 0 ara d
040 _a EG-GICUC
_bara
_c EG-GICUC
_d EG-GICUC
_erda
041 0 _aara
082 0 4 _221
_a345.454
_bب د . ق
092 0 4 _221
099 _aLaw1 07 345.454 ب د . ق 1 ed-1996
100 0 _aبدرية جاسر الصالح
_eمؤلف.
245 1 0 _aقواعد إنهاء خدمة الموظف العام في القانون الكويتي ( الأسباب و الآثار ) :
_bوفقا لقانوني الخدمة المدنية لرقم 15 لسنة 1979 و التأمينات الاجتماعية رقم 61 لسنة 1976 /
_cدكتورة بدرية جاسر الصالح.
250 _aالطبعة الاولي
264 1 _aالكويت :
_bلجنة التأليف و التعريب و النشر،
_c1996.
300 _a240 صفحة ؛
_c24 سم
336 _2rda content
_atext
337 _2rda media
_aComputer
338 _2rda carrier
_aOnline Resource
504 _a. 234-230ببليوجرافيا: صفحات.
546 _aالنص أغلبه باللغة العربية بعض النصوص الإنجليزية والفرنسية
650 1 4 _aالقانون الإداري
_2qrmak
650 1 4 _aالاحال التأديب وأثارها
651 1 _2qrmak
856 4 0 _uhttps://fll.law.cu.edu.eg/fulltext/bks/B07-01703.pdf
905 _a74
942 _2ddc
_n0
_cBK
_e21
999 _c65949
_d65949